[Event "Amazonas zt"]
[Site "Manaus"]
[Date "2013.06.15"]
[Round "2"]
[White "Dos Santos, Jardel Farias"]
[Black "De Almeida, Ana Beatriz Brasile"]
[Result "1-0"]
[WhiteElo "1800"]
[BlackElo "1775"]
[PlyCount "83"]
[EventDate "2013.06.09"]
[EventType "swiss"]
[EventRounds "6"]
[EventCountry "BRA"]
[SourceTitle "EXT 2014"]
[Source "ChessBase"]
[SourceDate "2013.11.20"]
[SourceVersion "1"]
[SourceVersionDate "2013.11.20"]
[SourceQuality "1"]

1. e4 g6 2. d4 e6 3. c4 Ne7 4. Nf3 Bg7 5. Nc3 c6 6. Be3 0-0 7. Be2 Na6 8. Qd2 Rb8 9. 0-0 f5 10. Bh6 Nc7 11. Rac1 Rf7 12. Bg5 Qf8 13. e5 b6 14. Bf4 h6 15. b4 d5 16. exd6 Na6 17. dxe7 Qxe7 18. Bxb8 Nxb8 19. a3 Qf6 20. Ne5 Re7 21. Bf3 Bb7 22. Ne2 c5 23. Bxb7 Rxb7 24. Nf3 Bf8 25. b5 Rd7 26. Qf4 Rd8 27. Rfd1 Nd7 28. Qc7 Be7 29. Qxa7 g5 30. Ne5 Nxe5 31. dxe5 Qf8 32. Rd7 Ra8 33. Qb7 Rb8 34. Qc6 Bd8 35. Qxe6+ Kh8 36. Rcd1 Bc7 37. Rxc7 Re8 38. Qg6 Re7 39. Rxe7 Qxe7 40. Qxh6+ Kg8 41. Qf6 Qh7 42. Rd8# 1-0